~Guess THE. s.RioT Character Name's by Object~ - Statistics

General Stats
  • This quiz has been taken 5 times
  • The average score is 14 of 133
Answer Stats
Hint Answer % Correct
Billy the 4rd Billy the 4rd
67%
Bye Bye
67%
Evil Leprechaun Gnome eating Pretzels Evil Leprechaun Gnome eating Pretzels
67%
Grap Sprunki Gray
67%
Gubby Gubby.
67%
Hi Hi
67%
Scale of Justice Justina Butch
67%
Leprechaun Gnome eating Pretzels Leprechaun Gnome eating Pretzels
67%
ORBiT ORBiT
67%
Scary Halloween Mask Scary Halloween Mask
67%
Super Sayin’ Man Super Sayin’ Man
67%
The Internet The Internet
67%
√$ √$
33%
Volleyball Aubrey Volley
33%
Clapperboard Clappy Dayson
33%
Gold Bar Goldie Barrus
33%
Heng Balance Lamp Heng Balance Lamp
33%
Investigator Wok Investigator Wok
33%
Mango John Pork
33%
Kronos Kronos
33%
Locker Combination Lilie Smith
33%
Book Journal Luther
33%
Ice Cream Mason Base
33%
Not Leafy Not Leafy
33%
Pokéball Pokéball
33%
The Word E The Word E
33%
The Word W The Word W
33%
Text File TXT File
33%
Virus Virus
33%
Xbox Logo Xbox Logo
33%
Ace Ace Spadille
0%
Chocolate Coin Alex Katz
0%
Pyramid Astriahd Leika
0%
iPhone14 Astro Screein
0%
Axe Axel Hanford
0%
Bottle Cap Balor Diepense
0%
Book Bianka Paige
0%
Bill Bill Hanford
0%
Bottley Bottley Bottle
0%
Golden Brick Brittany Kahhma
0%
Brick Wall Brody Wilee
0%
Bowling Ball Bryceson Cipher
0%
Black Checkered Piece Caleb Peck
0%
Clipboard Callie Haynes
0%
Chocolate Box Calloway Browk
0%
Comedy Mask Cameron Mask
0%
Camera (#2) Carter Vex
0%
Medal Cecil Kengir
0%
Strawberry Chanel Qriphe
0%
Bucket Ciircut Carter
0%
Flower Pot Holder Clémentine Heirre
0%
Cylinder Cyler Cirk
0%
Dart Dartee Shooter'Flight
0%
Chocolate Bar Desmond Denny
0%
Dice Die-Ethan
0%
LED Light Diode Lihgt
0%
Diorite Dio Roche
0%
Drill Divinity Poiinhed
0%
Jam Djammy Denny
0%
Dying Neuron Star Dying Neuron Star
0%
Firefly Jar FiFi Light
0%
Flag Flaggy Gailint
0%
Wine Glass Francis Weisse
0%
Film Frame Fraye Stahr
0%
Globey Geo Nation
0%
Glow Stick Gio Stike
0%
Iced Bubbled Tea (Boba) Gnarly-Bubz Tea
0%
Grandfather Clock Greenest Tiki
0%
Hot Coco Hacklin Chocoa
0%
Sticky Notes Harper Shed
0%
Harp Harponyia Stiriing
0%
Ink Jar Inky Blaq
0%
Table Lamp Jarquavius Dingleton The III
0%
Rolodex Keaton Vexley
0%
Key-Chain Kennedy Cinne
0%
Stop Sign Khalia Signy
0%
Traffic Cone Kian Trane
0%
Golden Locket Kingsley Puick
0%
Katana Kirihito HKaiyo
0%
Kite Kyler Flight
0%
Lunchbox Ledgar Kailint
0%
Lemony Lenox Seur
0%
LipGloss Lexi Rivers
0%
Libby Sharpe Glass Libby Lee
0%
Lighter Luciq Weich
0%
Dry-Erase Marker Lyre Dryr
0%
Fountain Pen Lysander Fountaine
0%
Margarita Margarité Weisse
0%
Melatonin Gummy Meloh Dilz
0%
Molotov Mivoloka Weisse
0%
Mop Molly Moppet
0%
Mustard Montana Trương
0%
Leaf Moss Burdich
0%
Camera (#1) Nethr Sassin
0%
Newton's Cradle Nevan Threee
0%
Nutella (A) Nicht Abright
0%
Nutella (B) Noah Abright
0%
Bioluminescent Mushroom Nori'ellia Bioscent
0%
Crystal Plasma Globe Novalia Hayes
0%
Ice Pack Patricia Cicle
0%
Green-Screen Holder Pict Helder
0%
Projector Pierre Reyez
0%
Pole Poledy Smith
0%
Patch Proteus OJJJJ
0%
Chop Saw Pulsar Verlicev
0%
Pumpkin Pie Pumpkin Frosht
0%
Printer Raft Paige
0%
Fruit Cup Rosie Baker
0%
Pommy Roxy James
0%
Ramen Ruki HKaiyo
0%
Stamped Whiteboard Samantha Lawrence
0%
San Disk Sammy Dean
0%
Stylus Pen Siah Malow
0%
S'more S'more Moore
0%
Spinning Trumpo Top Spinny Tinn
0%
Pizza Steve Licht
0%
Street Lamp Sylvia Smith
0%
Pop Tart Tardy Reicht
0%
Ticket Teryx Stahr
0%
Floor Tile Tiylor Wilee
0%
Tradegy Mask Travis Mask
0%
Tequila Trinity Weisse
0%
MC: TNT Tucker Tide
0%
Pillar Tunner Poshk
0%
Visor Vance Leigh
0%
Flower Pot Vinera Heirr
0%
Box Vixxie Louwer
0%
Vodka Vlyovka Weisse-Kovch
0%
Charger Walkings Jones
0%
Waffle William Pann
0%
Whiteboard Eraser Willie Dryr
0%
Walkie-Talkie Wynter Tok
0%
Gasoline Zephyr Verlicht
0%
No matching quizzes found
Score Distribution
Percent of People with Each Score
Percentile by Number Answered
Your Score History
You have not taken this quiz